Aliments commençant par I et J - Statistiques

Statistiques générales
  • Ce quiz a été pris 1 875 fois
  • Le résultat moyen est 5 sur 14
Statistiques - réponses
Par images Réponse % Correct
Jambon
96%
Île flottante
88%
Ice Tea
70%
Jasmin
43%
{Julienne} de légumes
41%
Infusion
39%
Jägerbomb
23%
Igname
22%
Jujube
20%
Jacquier
16%
Jojoba
8%
Jésuite
5%
Icaque
3%
Jalousie
2%
Aucun quiz correspondant
Distribution des résultats
% des personnes avec chaque résultat
Percentile par nombre de réponses
Votre historique - résultats
Vous n’avez pas pris ce quiz